<?xml version="1.0" encoding="UTF-8"?>
<record
    xmlns:xsi="http://www.w3.org/2001/XMLSchema-instance"
    xsi:schemaLocation="http://www.loc.gov/MARC21/slim http://www.loc.gov/standards/marcxml/schema/MARC21slim.xsd"
    xmlns="http://www.loc.gov/MARC21/slim">

  <leader>00757nab a2200229 uc4500</leader>
  <controlfield tag="001">526292</controlfield>
  <controlfield tag="005">20240201131547.0</controlfield>
  <controlfield tag="008">990826e19990701                    spa  </controlfield>
  <datafield tag="035" ind1=" " ind2=" ">
    <subfield code="a">526292</subfield>
  </datafield>
  <datafield tag="035" ind1=" " ind2=" ">
    <subfield code="a">(OCoLC)819807221</subfield>
  </datafield>
  <datafield tag="040" ind1=" " ind2=" ">
    <subfield code="c">comduadb</subfield>
  </datafield>
  <datafield tag="041" ind1=" " ind2=" ">
    <subfield code="a">spa</subfield>
  </datafield>
  <datafield tag="100" ind1="1" ind2="0">
    <subfield code="a">Camacho Montoya, Manuel</subfield>
    <subfield code="4">aut</subfield>
    <subfield code="e">aut</subfield>
    <subfield code="9">334480</subfield>
  </datafield>
  <datafield tag="245" ind1="1" ind2="3">
    <subfield code="a">El Huila: un departamento que esta haciendo funcionar la Ley 100</subfield>
  </datafield>
  <datafield tag="650" ind1=" " ind2=" ">
    <subfield code="a">Huila (Colombia)</subfield>
    <subfield code="9">12219</subfield>
  </datafield>
  <datafield tag="650" ind1=" " ind2=" ">
    <subfield code="a">Sector salud</subfield>
    <subfield code="9">51999</subfield>
  </datafield>
  <datafield tag="650" ind1=" " ind2="7">
    <subfield code="a">Seguridad social</subfield>
    <subfield code="2">embne</subfield>
    <subfield code="9">35032</subfield>
  </datafield>
  <datafield tag="650" ind1=" " ind2=" ">
    <subfield code="a">Afiliaci&#xF3;n</subfield>
    <subfield code="9">27067</subfield>
  </datafield>
  <datafield tag="650" ind1=" " ind2=" ">
    <subfield code="a">Nivel de atenci&#xF3;n en salud</subfield>
    <subfield code="9">53527</subfield>
  </datafield>
  <datafield tag="773" ind1="0" ind2=" ">
    <subfield code="t">V&#xED;a Salud : Gesti&#xF3;n, Calidad y Logros (Bogot&#xE1;)</subfield>
    <subfield code="g">No. 09, Jul. 1999, p. 13-17</subfield>
    <subfield code="w">364005</subfield>
    <subfield code="x">0123-1782</subfield>
    <subfield code="0">108567</subfield>
  </datafield>
  <datafield tag="942" ind1=" " ind2=" ">
    <subfield code="c">ARIMP</subfield>
  </datafield>
  <datafield tag="999" ind1=" " ind2=" ">
    <subfield code="c">121069</subfield>
    <subfield code="d">121069</subfield>
  </datafield>
</record>
